1742 1463 1007 1345 1242 1164 1183 1879 1983 1136 1258 1707 1950 1897 1544 1931 1943 1807 1283 1018 1941 1795 1069 1235 1462 1890 1716 1621 1594 1516 1126 1422 1840 1019 1380 1648 1220 1445 1115 1341 1051 1298 1827 1432 1437 1558 1394 1633 1208 1356 1691 1910 1446 1200 1033 1139 1773 1852 1357 1020 1232 1358 1558 1860 1644 1355 1220 1246 1619 1228 1989 1738 1805 1361 1874 1957 1960 1731 1306 1285 1807 1285 1906 1693 1979 1176 1288 1729 1504 1254 1472 1482 1525 1950 1804 1783 1876 1638 1600 BCNSPRNW ULIB Ver.6.0+V

เปลี่ยนเป็นภาษาไทย

Change to English
 แสดงรายละเอียดบรรณานุกรม
  กลับหน้าหลัก

Brief Record : Get Marc (ISO 2709) : E-mail record : QR code < ปิดหน้าต่าง
LEADER : 00000nam 2200000uu 4500
001    13399114986
003     ULIB
008    120627s2548||||th 000 0 tha d
020    ^a9744655453
060 04 ^aWY130^bอ823ก 2548
100 0  ^aอุทัยวรรณ สุกิมานิล
245 10 ^aการบริการปฐมภูมิ =^bPrimary care /^cอุทัยวรรณ สุกิมานิล
246 31 ^aPrimary care
250    ^aพิมพ์ครั้งที่ 1
260    ^aกรุงเทพฯ :^bโครงการสวัสดิการวิชาการ สถาบันพระบรมราชชนกกระทรวงสาธารณสุข,^c2548
300    ^aก-ฎ, 263 หน้า :^bภาพประกอบ ;^c26 ซม.
504    ^aบรรณานุกรมและดัชนี
650  7 ^aสาธารณสุขเบื้องต้น, การบริการ
650  7 ^aสาธารณสุขมูลฐาน
710 2  ^aสถาบันพระบรมราชชนก. ^bโครงการสวัสดิการวิชาการ
945    ^p295^l0^i24187
995    ^a กัณชพร
999    ^aใช้งานได้ทุกระบบ
รายการนี้ยังไม่มีแท็ก
คุณยังไม่ได้ล็อกอิน คุณสามารถมีกิจกรรมร่วมกับเว็บไซต์ได้ แต่ต้องล็อกอินก่อน ::
  ล็อกอิน

รายการสื่อสารสนเทศ

ลำดับที่ ประเภท เลขเรียก/บาร์โค้ด สถานที่ สถานะ
- ไม่พบข้อมูล -

รายการใกล้เคียง
    ผู้แต่ง [อุทัยวรรณ สุกิมานิล]

    หัวเรื่อง [สาธารณสุขมูลฐาน]

BibComment


ยังไม่เคยถูกคอมเมนท์

คอมเมนท์ทรัพยากรรายการนี้
  คอมเมนท์: การบริการปฐมภูมิ..


 Copyright 2026. Bcnsprnw @Library